Breviaturas
Saved in:
| Hovedforfatter: | |
|---|---|
| Format: | Bog |
| Sprog: | spansk |
| Udgivet: |
Viña del Mar
Altazor
2005
|
| Udgivelse: | 2a. ed |
| Fag: | |
| Tags: |
Tilføj Tag
Ingen Tags, Vær først til at tagge denne postø!
|
MARC
| LEADER | 00000cam a2200000 a 4500 | ||
|---|---|---|---|
| 001 | UCF2589 | ||
| 003 | CL-VaPUC | ||
| 008 | 120830e20050000CL |||||||||||||||||spa|d | ||
| 020 | |a 9567472378 | ||
| 082 | 0 | 4 | |a Ch861 |b PON |2 21 |
| 100 | 0 | |a Ponce Vicencio, Renán |e author |9 564292 | |
| 245 | 1 | 0 | |a Breviaturas |
| 250 | |a 2a. ed | ||
| 300 | |a 78 p | ||
| 942 | |c BK | ||
| 945 | |d 20120830 00:00:00 |a dcastane | ||
| 260 | |a Viña del Mar |b Altazor |c 2005 | ||
| 650 | 0 | |a Poesías chilenas |9 265280 | |
| 650 | 0 | |a Literatura chilena |9 308278 | |
| 583 | |a last modification |c 20120830 10:25:00 |k Rodrigo Vera | ||
| 999 | |c 349131 |d 349129 | ||
| 952 | |0 0 |1 0 |4 0 |6 CH_861_000000000000000_PON_2005 |7 0 |8 A |9 451589 |a BIBEDU |b BIBEDU |d 2019-11-22 |i 489670K |o Ch861 PON 2005 |p 489670K |r 2019-11-22 |w 2019-11-22 |y BK |k LIT | ||